00474nam a22001457a 4500003001200000005001700012008004100029020001500070040001200085082001700097100001700114245015700131260001100288650002900299NUST - PNEC20170116181006.0150912b xxu||||| |||| 00| 0 eng d a8170244005 cLIBRARY a005.7565 PAT aPatil, D. P. aDBASE III Plus in libraries and information centres : theory and practice. Vol 1, Information retrieval, circulation system, serial controlcD. B. Patil cc.1991 aInformation CentersxMIS